Merchandising - Stratégie rozmiestnenia tovaru v maloobchode diplomová práca

Salvato in:
Dettagli Bibliografici
Autore principale: Buchová, Ivana
Ente Autore: Obchodná fakulta EU. Katedra marketingu
Altri autori: Rubaninská, Kamila
Natura: Libro
Lingua:slovacco
Pubblicazione: Bratislava 2011
Tags: Aggiungi Tag
Nessun Tag, puoi essere il primo ad aggiungerne!!

MARC

LEADER 00000nbm a2200000 4500
001 0140421
005 20170315090428.8
041 0 |a slo 
044 |a SK 
245 1 0 |a Merchandising - Stratégie rozmiestnenia tovaru v maloobchode  |b diplomová práca  |c Ivana Buchová ; školiteľ: Kamila Rubaninská 
264 1 |a Bratislava  |c 2011 
300 |a 81 s. 
100 1 |a Buchová, Ivana 
700 1 |a Rubaninská, Kamila 
710 2 |a Obchodná fakulta EU. Katedra marketingu